00674nam a2200205Ia 4500003000900000008004100009020003000050020003100080022002200111022002300133040001600156100002100172245004700193260005700240300002000297490002900317650003700346650001200383856007300395IN-BaIIA211028s9999 xx s 000 0 eng d a978-3-642-14699-2 (Print) a978-3-642-14700-5 (Online) a0075-8450 (Print) a1616-6361 (Online) cIIA Library aEschrig, Helmut  0aTopology and Geometry for Physicsh[eBook] aHeidelberg, BerlinbSpringer Berlin Heidelbergc2011 aOnline resource aLecture Notes in Physics a Mathematical Methods in Physics aPhysics uhttp://doi.org/10.1007/978-3-642-14700-5yClick Here to Access eBook